000 00406pab a2200157 454500
008 180718b2007 xxu||||| |||| 00| 0 eng d
100 _aHussain, M.A.
245 _aUrban governance and politics: a case study of Tirupati
260 _c2007
300 _ap.509-22.
362 _aJul-Sep
650 _aUrban development
773 _aIndian Journal of Political Science
908 _aN
909 _a76621
999 _c76621
_d76621